| 000 | 00421nam a22001697a 4500 | ||
|---|---|---|---|
| 999 |
_c7757 _d7757 |
||
| 003 | OSt | ||
| 005 | 20190219153937.0 | ||
| 008 | 190219b ||||| |||| 00| 0 eng d | ||
| 040 | _cDLC | ||
| 082 |
_a338.17 _bK96O |
||
| 100 | _aKurien, P. N. | ||
| 245 |
_aOur Daily Bread / _cP. N. Kurien, |
||
| 260 |
_aGrand Rapids, Michigan : _bRadio Bible Class, _cc 2001. |
||
| 300 | _a124 p.: | ||
| 650 | _aPrayer. | ||
| 942 |
_2ddc _cBK |
||